000 00272cam a22000977a 4500
008 180718b1955 xxu||||| |||| 00| 0 eng d
082 _aT5703x5453 T697r
245 _aRules for the insurance of motor vehicles
260 _aErnakulam
_bGovernment Press
_c1955
300 _a19+p.
999 _c424176
_d424176